English for today
Đã lưu trong:
| Formáid: | Leabhar |
|---|---|
| Teanga: | Undetermined |
| Foilsithe: |
Thành phố Hồ Chí Minh
Tổng hợp
2004
|
| Ábhair: | |
| Clibeanna: |
Cuir Clib Leis
Gan Chlibeanna, Bí ar an gcéad duine leis an taifead seo a chlibeáil!
|
| Thư viện lưu trữ: | Trung tâm Học liệu Trường Đại học Cần Thơ |
|---|
| LEADER | 00541nam a2200181Ia 4500 | ||
|---|---|---|---|
| 001 | CTU_118029 | ||
| 008 | 210402s9999 xx 000 0 und d | ||
| 082 | |a 428 | ||
| 082 | |b E58/Vol.2 | ||
| 245 | 0 | |a English for today | |
| 245 | 0 | |c Nguyễn Trần Nhật Vũ (chủ biên) ... [et all.] | |
| 260 | |a Thành phố Hồ Chí Minh | ||
| 260 | |b Tổng hợp | ||
| 260 | |c 2004 | ||
| 650 | |a English language | ||
| 650 | |x Study and teaching | ||
| 904 | |i Nguyên | ||
| 980 | |a Trung tâm Học liệu Trường Đại học Cần Thơ | ||